01262pam a2200313 a 45000010008000000030004000080050017000120080041000290100017000700200015000870400023001020500022001250600022001470820017001692450249001862460055004352500012004902600032005023000041005345040051005756500025006266500037006516500018006886500034007066500017007406500024007577100111007817100056008924034075OSt20210630070033.0980601s1999 moua b 001 0 eng c a 98027270  a0815145691 aDNLM/DLCcDLCdDLC00aRC86.7b.P48 199910aWO 700bP577 199900a616.02/522100aPHTLS--basic and advanced prehospital trauma life support /cPrehospital Trauma Life Support Committee of the National Association of Emergency Medical Technicians in Cooperation with the Committee on Trauma of the American College of Surgeons.30aBasic and advanced prehospital trauma life support a4th ed. aSt. Louis :bMosby,cc1999. axxvii, 353 p. :bcol. ill. ;c28 cm. aIncludes bibliographical references and index. 0aMedical emergencies. 0aFirst aid in illness and injury. 0aTraumatology.12aWounds and Injuriesxtherapy.22aEmergencies.22aFirst Aidxmethods.2 aNational Association of Emergency Medical Technicians (U.S.).bPre-Hospital Trauma Life Support Committee.2 aAmerican College of Surgeons.bCommittee on Trauma.